000 01092nam a22002775i 4500
001 11720
003 ES-MaACL
005 20250730050650.0
007 t|
008 941103s1994 sp |||| | spa j
020 _a84-7846-238-4
080 _a9(=924:460)"13/15"
100 1 _aNetanyahu, Benzion.
_985417
245 1 4 _aLos marranos españoles
_b: desde fines del siglo XIV a principios del XVI según las fuentes hebreas de la época /
_cBenzion Netanyahu ; traducción, Ciriaco Morón Arroyo.
260 _a[Valladolid] :
_bConsejería de Cultura y Turismo,
_c1994.
300 _a242 p ;
_c25 cm.
490 1 _aEstudios de historia
500 _a"Traducido de la primera edición con las adiciones de la segunda y pequeñas correcciones para esta versión"--V. port.
500 _aÍndice.
650 1 7 _aJudeoconversos-
_zEspaña-
_vHistoria
_2
_9158167
700 1 _aMorón Arroyo, Ciriaco.
_983641
710 1 _aCastilla y León.
_bConsejería de Cultura y Turismo.
_92499
830 0 _aEstudios de historia
_9179197
852 _aES-MaACL
_jL-19089
999 _c11720
_d11720